VIII Muestra de Cine Mexicano en Guadalajara : 1993 : 11 al 18 de marzo /

Gespeichert in:
Bibliographische Detailangaben
Körperschaft: Muestra de Cine Mexicano en Guadalajara ( Guadalajara, México)
Format: Tagungsbericht Buch
Sprache:Spanisch
Veröffentlicht: Guadalajara, México : Universidad de Guadalajara, Centro de Investigación y Enseñanza Cinematográficas, 1993
Schlagworte:
Tags: Tag hinzufügen
Keine Tags, Fügen Sie das erste Tag hinzu!

MARC

LEADER 00000nam^a2200000^a^4500
001 000049277
005 20260226151358.0
009 20260310090159.464
037 |a Acervo ITESO - Biblioteca 
041 |a ESP 
082 |a 302. 23550972352  |b FICG 1993 
111 |a Muestra de Cine Mexicano en Guadalajara (  |n 8ª :  |d 1993 :  |c Guadalajara, México) 
240 1 1 |a [FICG] 
240 1 1 |a [FICG: catálogos] 
240 1 1 |a [Festival Internacional de Cine en Guadalajara] 
240 1 1 |a [Festival Internacional de Cine en Guadalajara: catálogos] 
240 1 1 |a [Muestra de Cine Mexicano en Guadalajara] 
240 1 1 |a [Muestra de Cine Mexicano en Guadalajara: catálogos] 
240 1 1 |a [Muestra de Cine Mexicano en Guadalajara 1993] 
245 1 0 |a VIII Muestra de Cine Mexicano en Guadalajara :  |b 1993 : 11 al 18 de marzo / 
246 2 |a Título en la cubierta: VIII Muestra de Cine Mexicano en Guadalajara: 1993: 11-18 de marzo 
264 1 |a Guadalajara, México :  |b Universidad de Guadalajara, Centro de Investigación y Enseñanza Cinematográficas,  |c 1993 
300 |a 119 p. ;  |c 21.0 cm. 
336 |a texto  |b txt  |2 rdacontenido 
337 |a sin mediación  |b n  |2 rdamedio 
338 |a volumen  |b nc  |2 rdasoporte 
585 |a Muestra de Cine Mexicano en Guadalajara (8ª: 1993) 
586 |a Premio Nacional de Ciencias y Artes, categoría Bellas Artes (22°: 1971): Biografías, crítica e interpretación 
649 |a XX 
650 |a Fotógrafos Mexicanos -  |x Homenajes 
650 |a Fotógrafos Mexicanos -  |x Ciclos y Retrospectivas 
650 |a Actores Mexicanos -  |x Ciclos y Retrospectivas 
650 |a Actores Ingleses -  |x Ciclos y Retrospectivas 
650 |a Actores Norteamericanos -  |x Ciclos y Retrospectivas 
650 |a Cortometrajes y Mediometrajes Mexicanos -  |x Ciclos y Retrospectivas 
650 |a Cortometrajes y Mediometrajes Norteamericanos -  |x Ciclos y Retrospectivas 
650 |a Comedias Cinematográficas -  |z México -  |x Ciclos y Retrospectivas 
650 |a Comedias Cinematográficas -  |z EUA -  |x Ciclos y Retrospectivas 
650 |a Cine Mudo -  |z EUA -  |x Ciclos y Retrospectivas 
650 |a Cine Mudo -  |x Ciclos y Retrospectivas 
650 |a Cine Mexicano -  |x Festivales -  |x Catálogos -  |x Tema Principal 
650 |a Cine Mexicano -  |x Ciclos y Retrospectivas 
650 |a Cine Mexicano -  |x Historia y Crítica 
650 |a Cine Mexicano -  |y 1990-1999 
650 |a Cine Mexicano -  |y Siglo XX 
650 |a Cine Iberoamericano -  |x Ciclos y Retrospectivas 
650 |a Cine Iberoamericano -  |y 1990-1999 
650 |a Cine Iberoamericano -  |y Siglo XX 
650 |a Cine Norteamericano -  |x Ciclos y Retrospectivas 
650 |a Cine Norteamericano -  |y Siglo XX 
650 |a Cine -  |z Guadalajara, Jalisco -  |x Festivales -  |x Catálogos -  |x Tema Principal 
650 |a Cine -  |z México -  |x Festivales -  |x Catálogos 
650 |a Cine -  |x Festivales -  |x Catálogos 
650 |a Figueroa, Gabriel 
650 |a Laurel, Stanley 
650 |a Hardy, Oliver 
600 |a Cantinflas 
910 |a Fondo General 
920 |a Impresos - Libros 
930 |a Libros Antiguos y Raros 
905 |a 108 
901 |a 0500016012  |b IT2  |c LRA  |u 20250526 
902 |a https://opac.biblio.iteso.mx/vufind/Record/000049277